[Event "Moscow op-A 17th"]
[Site "Moscow"]
[Date "2021.02.27"]
[Round "8"]
[White "Karapetyan, Alexander"]
[Black "Silenko, Alexey"]
[Result "1-0"]
[WhiteElo "1782"]
[BlackElo "1561"]
[PlyCount "108"]
[EventDate "2021.02.20"]
[EventType "swiss"]
[EventRounds "9"]
[EventCountry "RUS"]
[SourceTitle "EXT 2022"]
[Source "ChessBase"]
[SourceDate "2021.10.06"]
[SourceVersion "1"]
[SourceVersionDate "2021.10.06"]
[SourceQuality "1"]

1. e4 e6 2. d4 d5 3. Bd3 Nf6 4. e5 Nfd7 5. Nf3 c5 6. c3 Nc6 7. 0-0 Be7 8. h4 h6 9. h5 b6 10. Be3 Bb7 11. Nh2 Qc7 12. Qg4 0-0-0 13. Nd2 Rdg8 14. f4 Kb8 15. f5 Bc8 16. Qf3 Rf8 17. fxe6 fxe6 18. Qg4 cxd4 19. cxd4 Nb4 20. Rfc1 Qd8 21. Bb5 Bg5 22. Bxg5 Qxg5 23. Qxg5 hxg5 24. a3 Na6 25. Rxc8+ Rxc8 26. Bxd7 Rc2 27. Ndf3 Rxh5 28. Bxe6 Nc7 29. Bg4 Rh6 30. Nxg5 Rg6 31. Bf5 Rxg2+ 32. Kxg2 Rxg5+ 33. Bg4 Ne6 34. Rd1 Rg6 35. Kg3 Ng5 36. Bf5 Rh6 37. Nf3 Nf7 38. Rc1 Rh8 39. Be6 Nh6 40. Bxd5 Nf5+ 41. Kf4 Rf8 42. Ke4 Ne7 43. Be6 Ng6 44. d5 Kb7 45. Rg1 Nf4 46. Rxg7+ Ka6 47. Rf7 Nxe6 48. dxe6 Re8 49. Nd4 b5 50. e7 Rh8 51. Rf8 Rh4+ 52. Kd5 Rxd4+ 53. Kxd4 b4 54. e8Q bxa3 1-0

[Event "Moscow op-A 17th"]
[Site "Moscow"]
[Date "2021.02.22"]
[Round "3"]
[White "Karapetyan, Alexander"]
[Black "Bogov, Khetag"]
[Result "1-0"]
[WhiteElo "1782"]
[BlackElo "1263"]
[PlyCount "51"]
[EventDate "2021.02.20"]
[EventType "swiss"]
[EventRounds "9"]
[EventCountry "RUS"]
[SourceTitle "CBM 200 Extra"]
[Source "ChessBase"]
[SourceDate "2021.03.31"]
[SourceVersion "1"]
[SourceVersionDate "2021.03.31"]
[SourceQuality "1"]

1. e4 e5 2. Nf3 d6 3. d4 exd4 4. Nxd4 Nf6 5. Nc3 Be7 6. Bf4 0-0 7. Qd2 Nc6 8. 0-0-0 Nxd4 9. Qxd4 Be6 10. Kb1 a6 11. f3 b5 12. Nd5 Bxd5 13. exd5 Nd7 14. h4 Bf6 15. Qf2 Nb6 16. g4 b4 17. g5 Be5 18. Bc1 g6 19. f4 Bg7 20. f5 f6 21. h5 fxg5 22. hxg6 Qf6 23. Rxh7 Qxf5 24. Qh2 Qf6 25. Rh8+ Bxh8 26. Qh7# 1-0